A hazard of new fortunes

Saved in:
Bibliografiske detaljer
Hovedforfatter: Howells, William Dean (Author)
Format: Bog
Sprog:engelsk
Udgivet: Nueva York Bantam Books 1960
Serier:Bantam Classic
Fag:
Tags: Tilføj Tag
Ingen Tags, Vær først til at tagge denne postø!

MARC

LEADER 00000nam a2200000 a 4500
001 UCQ4425
003 CL-VaPUC
008 980904e19600000US |||||||||||||||||eng|d
082 0 4 |a 813  |b HOW  |2 21 
100 |a Howells, William Dean  |e author  |9 418643 
245 1 2 |a A hazard of new fortunes 
300 |a 429 p 
942 |c BK 
945 |d 19980904 00:00:00  |a crobeson 
260 |a Nueva York  |b Bantam Books  |c 1960 
650 0 |a Novelas estadounidenses  |9 265217 
650 0 |a Literatura estadounidense  |9 317168 
583 |a last modification  |c 19980904 00:00:00  |k Rodrigo Vera 
490 0 |a Bantam Classic 
999 |c 274801  |d 274799 
952 |0 0  |1 0  |4 0  |6 813_000000000000000_HOW_1960  |7 0  |8 A  |9 311112  |a BIBEDU  |b BIBEDU  |d 2019-11-20  |i 1465023  |o 813 HOW 1960  |p 1465023  |r 2019-11-20  |w 2019-11-20  |y BK  |k LIT